На принципах дружбы и взаимопомощи

Detalhes bibliográficos
Autor principal: Вивчарик М. Н. Михаил Николаевич
Outros Autores: Панченко П. П. Петр Пантелеймонович
Resumo:Исключено из фонда НТБ ТПУ
Idioma:russo
Publicado em: Львов, Выща школа, 1989
Formato: MixedMaterials Livro
KOHA link:https://koha.lib.tpu.ru/cgi-bin/koha/opac-detail.pl?biblionumber=253898

MARC

LEADER 00000nam0a2200000 4500
001 253898
005 20231031214617.0
010 |a 5110005222 
020 |a RU  |b 89-59740 
035 |a (RuTPU)RU\TPU\book\276317 
090 |a 253898 
100 |a 20140318d1989 k a0rusy5003 ca 
101 0 |a rus 
102 |a UA 
105 |a y z 001zy 
200 1 |a На принципах дружбы и взаимопомощи  |f М. Н. Вивчарик, П. П. Панченко 
210 |a Львов  |c Выща школа  |d 1989 
215 |a 136 с. 
333 |a Исключено из фонда НТБ ТПУ 
700 1 |a Вивчарик  |b М. Н.  |g Михаил Николаевич 
701 1 |a Панченко  |b П. П.  |g Петр Пантелеймонович 
801 0 |a RU  |b RuMRKP  |c 19950417  |g psbo 
801 1 |a RU  |b 63413507  |c 20140318 
801 2 |a RU  |b 63413507  |c 20220413  |g RCR 
942 |c BK